| 000 -ლიდერი |
| ფიქსირებული სიგრძის საკონტროლო ველი |
01482nam a22001937a 4500 |
| 003 - საკონტროლო ნომრის იდენტიფიკატორი |
| საკონტროლო ველი |
Ge_BSU |
| 005 - ბოლო ოპერაციის თარიღი და დრო |
| საკონტროლო ველი |
20260325125407.0 |
| 008 - ფიქსირებული სიგრძის მონაცემთა ელემენტები - ზოგადი ინფორმაცია |
| ფიქსირებული სიგრძის საკონტროლო ველი |
260325s1972 ge ||||| |||| 00| 0 geo d |
| 041 ## - ენის კოდი |
| Language code of text/sound track or separate title |
geo |
| 080 ## - უნივერსალური ათობითი კლასიფიკაციის ინდექსი |
| Universal Decimal Classification number |
329.150.4 : 330.1 ბ-32 |
| 100 ## - მთავარი ჩანაწერი - პიროვნების სახელი |
| Personal name |
ბაქრაძე, ილია |
| 9 (RLIN) |
27203 |
| 245 ## - ცნობა სათაურის შესახებ |
| Title |
ეკონომიური ცოდნის საფუძვლები : |
| Remainder of title |
პარტიული სწავლების დაწყებითი პოლიტიკური სკოლის მსმენელთა დასახმარებლად / |
| Statement of responsibility, etc |
ილია ბაქრაძე; საქ. კპ ცენტრ. კომიტეტისა და თბილისის კომიტეტის პოლიტიკური განათლ. რესპ. სახლი. |
| 264 ## - წარმოების, გამოცემის, დისტრიბუციის და სხვა ცნობები |
| გამოცემის, წარმოების, დისტრიბუციის... ადგილი |
თბილისი : |
| გამოცემის, წარმოების, დისტრიბუციის... სახელწოდება |
საქ. კპ ცკ-ის გამ-ბა, |
| გამოცემის, წარმოების, დისტრიბუციის... თარიღი |
1972. |
| 300 ## - ფიზიკური აღწერა |
| Extent |
286 გვ. ; |
| Other physical details |
21 სმ. |
| 504 ## - BIBLIOGRAPHY, ETC. NOTE |
| Bibliography, etc |
ბიბლიოგრაფია თითოეული თემის შემდეგ. |
| 653 ## - INDEX TERM--UNCONTROLLED |
| Uncontrolled term |
ეკონომიური ცოდნა |
| 710 ## - ADDED ENTRY--CORPORATE NAME |
| Corporate name or jurisdiction name as entry element |
საქართველოს კპ ცენტრალური კომიტეტისა და თბილისის კომიტეტის პოლიტიკური განათლების რესპუბლიკური სახლი. |
| 9 (RLIN) |
27204 |
| 942 ## - ADDED ENTRY ELEMENTS (KOHA) |
| Source of classification or shelving scheme |
|
| Koha item type |
წიგნი |